000 00443nam a2200181Ia 4500
001 5095
005 20260306145843.0
008 260306t2002||||xx |||||||||||||| ||spa||
041 _aESP
082 _a332.77
_bG49
100 _aGiraldo Jara, Demetrio
_eAUT
245 0 _aDocumentación mercantil:
_bteoría y práctica
260 _c2002
300 _a245 páginas :
_c21cm.
650 _aGEN
654 _aCAN
942 _cLIB
_dJUS
_fJUS
_2ddc
_n
999 _c5095
_d5095